000 01959cam a22004574i 4500
003 PE-LiUPU
005 20250731172800.0
008 150617s xxu r 000 0 spa d
035 _a(Sirsi) a13071
040 _aPE-LiUPU
_bspa
_cPE-LiUPU
_erda
049 _aPRUA
082 0 4 _a225.07
_bE11
_221
100 1 _aEarle, Ralph,
_eautor.
245 1 0 _aExplorando el nuevo testamento /
_cRalph Earle.
264 1 _aKansas :
_bCasa Nazarena de Publicaciones,
_c[19 ].
300 _a559 páginas ;
_c22 centímetros
336 _atext
_2rdacontent
337 _aunmediated
_2rdamedia
338 _avolume
_2rdacarrier
505 0 _a¿Por qué estudiar el nuevo testamento? -- El mundo al que el nuevo testamento fue dado -- El nuevo testamento transmitido y traducido -- El Mesías-Rey -- El conquistador-siervo -- El hijo del hombre -- El hijo de Dios -- El pentecostés y las misiones -- El problema de la iglesia primitiva -- El significado de la redención -- Predicando desde la prisión -- El Pastor y la grey -- La última declaración de Dios al hombre -- Perseguidos y purificados -- Pureza y amor perfecto -- Tribulación y triunfo final.
526 _aSEG42
526 _aSEG41
526 _aSEG40
526 _aSEG39
526 _aP94
526 _aP87
526 _aP86
526 _aP85
526 _aP77
526 _aP76
526 _aP35
630 _aBiblia
_pN.T.
_xIntroducciones.
700 1 _aHarvey S. J. BlaneyCarl Hanson.
910 _ajck
_bjvq
_cjck
_d20150616
942 _2ddc
_cBOOK
949 _a225.07 E11
_wDEWEY
_c1
_i20732
_lCCODEBUL1
_mBUL
_p25.00
_r0
_sY
_tBOOK
_u19820812
_xTEOLOGIA
_PP35
_0COMPRA
_o.STAFF. Colección Teología
994 _aC0
_bPEPRU
596 _a1
999 _a225.07 E11
_wDEWEY
_c3400
_i20732
_d3400
_e2016-11-17
_f2021-11-9
_g4
_lCCODEBUL1
_mBUL
_n2
_p25.00
_q1
_r0
_sY
_tBOOK
_u2015-6-17
_xTEOLOGIA
_PP35
_0COMPRA
_o.STAFF. Colección Teología
980 _81
_gALBERTO SANCHEZ Responsable de Automatización